• 首页
  • 本馆介绍
  • 公告通知
  • 最新文献
  • 馆藏检索
  • 电子资源
  • 读者导购
  • 参考咨询
  • 我的图书馆
  • 登录
  • 详细信息显示
  • 放入我的书架
  • 预约/预借图书
  • 作者相关作品
  • 分类相关作品
  • 丛书相关作品
  • 出版社相关作品

书目信息

  • 表格格式
  • 工作单格式
  • 卡片格式
题名:
新亚洲
    
 
作者: 康马斯 , 施塔波丝 著 ;陈宝 , 周一玲 译
分册:  
出版信息: 北京   中央编译出版社  1998.10
页数: 250页
开本: 32开
丛书名:
单 册:
中图分类: D73
科图分类:
主题词: 政论--研究--亚洲 , 经济--研究--亚洲
电子资源:
ISBN: 7-80109-270-8
000 00857nam0 2200253 45
001 0303311034
005 20031219104108.1
010    @a7-80109-270-8@dCNY13.80
100    @a20030331d1998 km y0chiy0120 ea
101 0  @achi@cger
105    @a z 000yy
200 1  @a新亚洲@e亚洲挑战世界@EYa Zhou Tiao Zhan Shi Jie@AXin Ya Zhou@f[德]弗劳力安·康马斯,(荷兰)尤迪特·施塔波丝著@F[De]Fu Lao Li An·Kang Ma Si,(He Lan)You Di Te·Shi Ta Bo Si Zhu@g陈宝,周一玲译
210    @a北京@c中央编译出版社@d1998.10
215    @a250页@d32开
517    @a亚洲挑战世界@AYa Zhou Tiao Zhan Shi Jie
606 0  @a政论@x研究@y亚洲
606 0  @a经济@x研究@y亚洲
690    @aD73@v4
701    @a康马斯@4著
701  0 @a施塔波丝@4著
702  0 @a陈宝@AChen Bao@4译
702  0 @a周一玲@AZhou Yi Ling@4译
801    @aCN@bTSTC@c20030331
905    @b321679-680@dD73@e199@f2
    
    新亚洲:亚洲挑战世界/[德]弗劳力安·康马斯,(荷兰)尤迪特·施塔波丝著/陈宝,周一玲译.-北京:中央编译出版社,1998.10
    250页;32开
    
    
    ISBN 7-80109-270-8:CNY13.80
    
●
相关链接 在E读中查询图书 在五车中查询图书 在当当中查询图书 在豆瓣中查询图书


正题名:新亚洲     索取号:D73/199         预约/预借

序号 登录号 条形码 馆藏地/架位号 状态 备注
1 0321679   203216796   第一借阅区/ [索取号:D73/199] 在馆    
2 0321680   203216803   第一借阅区/ [索取号:D73/199] 在馆    
唐山师范学院图书馆 欢迎您!
大连网信软件有限公司© 版权所有